00488nam a22001577a 450000500170000001000150001702000260003203500140005803700090007208200060008124500810008726000350016827000800020330000210028370000260030420240508170954.0 aENG-140215 c695.00a9788188643868 aEN-123747 bDBAD aS aClassic Short Stories:bThe Best from Indian Regions/cEdited by Sitesh Alok aDelhibAkshaya Prakshan c2023 bDelhia208 M.G. House, 2 Community Centre, Wazirpur Industrial Areae110052 a429p.c22cm(pbk) aEdited by Sitesh Alok